000 00544nam a2200169Ia 4500
999 _c20569
_d20569
003 OSt
005 20200615114845.0
008 190216s9999||||xx |||||||||||||| ||und||
020 _a9780195639193
040 _coclc
082 _a305.6297105414
_bAHM/B
100 _a Ahmed, Rafiuddin
_92887
245 4 _aThe Bengal Muslims 1871-1906 :
_bA Quest For Identity /
_cRafiuddin Ahmed
260 _bOxford University Press,
_aDelhi:
_c1996.
300 _a271p
942 _cBK
_2ddc
_h305.6297105414
_iAHM/B
_k305.6297105414
_mAHM/B